[Event "Titled Tue 1st Jul Early"]
[Site "chess.com INT"]
[Date "2025.07.01"]
[Round "8"]
[White "Liu, Zachary Hankun"]
[Black "Khazhatuly, Alikhan"]
[Result "0-1"]
[BlackTitle "CM"]
[WhiteElo "2067"]
[BlackElo "2172"]
[WhiteFideId "2640287"]
[BlackFideId "13731335"]
[EventDate "2025.07.01"]

1. Nf3 Nf6 2. c4 e6 3. g3 d5 4. Bg2 Be7 5. O-O O-O 6. b3 b6 7. Bb2 Bb7 8. e3 c5
9. Qe2 dxc4 10. bxc4 Be4 11. Ne5 Bxg2 12. Kxg2 Qc7 13. d3 Nc6 14. f4 Rad8 15.
Nc3 Nd7 16. Nxc6 Qxc6+ 17. Qf3 Qxf3+ 18. Kxf3 Bf6 19. Rab1 Nb8 20. Rfd1 Nc6 21.
Ne4 Bxb2 22. Rxb2 Rd7 23. a3 Rfd8 24. Rbd2 h6 25. Nc3 Na5 26. Ke2 Kf8 27. h3 Ke7
28. Ne4 Nb3 29. Rb2 Na5 30. Rbd2 f6 31. Nf2 Nb3 32. Rb2 Na5 33. Rg1 e5 34. fxe5
fxe5 35. Rc2 Ke6 36. g4 e4 37. dxe4 Nb3 38. g5 Rd2+ 39. Rxd2 Rxd2+ 40. Kf3 hxg5
41. Rxg5 Kf6 42. Rf5+ Kg6 43. h4 Ra2 44. h5+ Kh7 45. Rf7 Nd2+ 46. Kf4 Nxc4 47.
Ng4 Ra1 48. Kg5 Nd6 49. Rxa7 Nxe4+ 50. Kf4 Nd6 51. h6 Rf1+ 52. Kg3 Nf5+ 53. Kg2
Rd1 54. hxg7 Nxg7 55. Nf6+ Kg6 56. Ne4 Nf5 57. Ra6 Nxe3+ 58. Kf3 Nc4 59. Ke2 Ra1
60. a4 Ra2+ 61. Kd3 Ne5+ 62. Kc3 Ra3+ 63. Kb2 Nc4+ 64. Kc2 Kf5 65. Nd2 Ra2+ 66.
Kc3 Nxd2 67. Rxb6 Ne4+ 68. Kb3 Ra1 69. a5 Ke5 70. a6 Rb1+ 71. Kc4 Rxb6 0-1

[Event "Titled Tue 1st Jul Early"]
[Site "chess.com INT"]
[Date "2025.07.01"]
[Round "8"]
[White "Ashraf, Artin"]
[Black "Starozhilov, Leonid"]
[Result "1-0"]
[WhiteTitle "FM"]
[BlackTitle "FM"]
[WhiteElo "2428"]
[BlackElo "2240"]
[WhiteFideId "22514805"]
[BlackFideId "14106752"]
[EventDate "2025.07.01"]

1. c4 e5 2. Nc3 Nf6 3. Nf3 Nc6 4. d3 Bb4 5. e4 d6 6. a3 Bc5 7. b4 Bd4 8. Nxd4
Nxd4 9. Ne2 c5 10. Nxd4 cxd4 11. Be2 a5 12. Bd2 axb4 13. axb4 Rxa1 14. Qxa1 O-O
15. O-O b5 16. cxb5 Bd7 17. Qa6 Qe8 18. Qxd6 Bxb5 19. Re1 Qb8 20. Qxb8 Rxb8 21.
Bf1 Rc8 22. Rc1 Rxc1 23. Bxc1 Nd7 24. f4 f6 25. Kf2 Kf7 26. Ke1 Nb8 27. fxe5
fxe5 28. Bd2 Nc6 29. Kd1 Ba4+ 30. Kc1 h6 31. Be2 Bb5 32. Kc2 Ke7 33. Bd1 Nd8 34.
Be2 Ne6 35. g3 g5 36. Kb3 Kd6 37. h4 gxh4 38. gxh4 Nf4 39. Bxf4 exf4 40. Kc2 Ke5
41. Kd2 Bd7 42. Bd1 Bb5 43. Be2 Bd7 44. Ke1 Bb5 45. Kf2 Bd7 46. Bd1 Bb5 47. Bc2
Ba6 48. Ke2 Bb5 49. Bb3 Bd7 50. Kf3 Bb5 51. Bc4 Be8 52. b5 Bh5+ 53. Kf2 Kd6 54.
Bd5 Be8 55. Bc6 Bh5 56. Bd5 Be8 57. b6 Bb5 58. b7 Kc7 59. e5 Bxd3 60. e6 Bg6 61.
Kf3 d3 62. Kxf4 d2 63. Bf3 d1=Q 64. Bxd1 Kxb7 65. Ke5 Kc7 66. Kf6 Be8 67. Be2
Kd6 68. Bd3 h5 69. Bf5 Kc7 70. Bg6 1-0

[Event "Titled Tue 1st Jul Early"]
[Site "chess.com INT"]
[Date "2025.07.01"]
[Round "8"]
[White "Borgaonkar, Akshay"]
[Black "Stevik, Patrik"]
[Result "1/2-1/2"]
[WhiteTitle "FM"]
[BlackTitle "FM"]
[WhiteElo "2452"]
[BlackElo "2314"]
[WhiteFideId "25639110"]
[BlackFideId "14944812"]
[EventDate "2025.07.01"]

1. d4 Nf6 2. c4 e6 3. Nf3 d5 4. g3 c5 5. cxd5 exd5 6. Bg2 Nc6 7. O-O Be7 8. dxc5
Bxc5 9. b3 O-O 10. Bb2 Ne4 11. e3 Be7 12. Nbd2 Bg4 13. h3 Bh5 14. g4 Bg6 15. Nd4
Bf6 16. Nxc6 bxc6 17. Bxf6 Qxf6 18. Nxe4 Bxe4 19. Bxe4 dxe4 20. Qe2 Rad8 21.
Rfd1 h5 22. Rac1 hxg4 23. hxg4 g6 24. Kg2 Kg7 25. Rxd8 Rxd8 26. Rc4 Qe5 27. Qc2
Rd3 28. Rxc6 Qg5 29. Qb2+ Kh7 30. Qe2 Qd5 31. Rc1 Rd2 32. Qc4 Qd7 33. Qxe4 Rxa2
34. Rh1+ Kg7 35. Qf4 Qb7+ 36. e4 Qb6 37. Qe5+ f6 38. Qe7+ Kg8 39. Qe8+ Kg7 40.
Qh8+ Kf7 41. Rh7+ Ke6 42. Qe8+ Kd6 43. Qd7+ Ke5 44. Qc7+ Qxc7 45. Rxc7 Kxe4 46.
Kg3 Ra3 47. f3+ Ke5 48. Rb7 a5 49. Rb6 g5 50. Rb5+ Ke6 51. Kf2 a4 52. b4 Rb3 53.
Rb6+ Ke5 54. b5 a3 55. Ra6 Rb2+ 56. Ke3 a2 57. b6 Kd6 58. Ra7 Kc6 59. Ra8 Kxb6
60. Rb8+ Kc5 61. Ra8 Kd5 62. Kd3 Rb3+ 63. Ke2 Rb2+ 64. Kd3 Ke5 65. Ke3 Rb3+ 66.
Kf2 Rb2+ 67. Ke3 Kd5 68. Kd3 1/2-1/2

[Event "Titled Tue 1st Jul Early"]
[Site "chess.com INT"]
[Date "2025.07.01"]
[Round "8"]
[White "Rohit, S"]
[Black "Svane, Rasmus"]
[Result "0-1"]
[WhiteTitle "FM"]
[BlackTitle "GM"]
[WhiteElo "2215"]
[BlackElo "2619"]
[WhiteFideId "46633847"]
[BlackFideId "4657101"]
[EventDate "2025.07.01"]

1. e4 c6 2. d4 d5 3. Nc3 dxe4 4. Nxe4 Nf6 5. Nxf6+ exf6 6. Be3 Na6 7. a3 Bd6 8.
Bd3 O-O 9. Ne2 Re8 10. O-O Nc7 11. c4 Be6 12. Qc2 h5 13. b4 b5 14. c5 Bf8 15.
Nf4 Nd5 16. Nxd5 Bxd5 17. a4 a6 18. Ra3 Qd7 19. Bf5 Qc7 20. Rfa1 g6 21. Bd3 Qb7
22. h4 Bg7 23. Qc1 f5 24. Qb2 Re6 25. g3 Rae8 26. Bf1 R6e7 27. axb5 axb5 28. Bg2
Bxg2 29. Kxg2 Qd7 30. Qb3 Bf6 31. Ra6 Kg7 32. Rd1 Re6 33. Ra5 Rd8 34. Qa3 Qe8
35. Ra7 Rd5 36. Rc7 Re4 37. Qa6 f4 38. Bxf4 Rxf4 39. gxf4 Qe4+ 40. Kf1 Qh1+ 41.
Ke2 Qe4+ 42. Kf1 Bxd4 43. Qxc6 Qxf4 44. Rxd4 Rxd4 45. Rd7 Rxb4 46. Rd1 Rb2 47.
Qg2 Qc4+ 48. Kg1 Qxc5 49. Qf3 Qe5 50. Rd7 Qf6 51. Qxf6+ Kxf6 52. Rb7 b4 53. Kg2
b3 54. Kg3 Ke6 55. f3 f6 56. Kf4 Rb1 57. Rb6+ Kd5 58. Rxf6 Rg1 59. Rb6 Kc4 60.
Rc6+ Kd3 61. Rd6+ Kc2 62. Rc6+ Kb1 63. Ke5 b2 64. Rb6 Rg3 65. f4 Kc2 66. Rc6+
Rc3 67. Rb6 b1=Q 68. Rxb1 Kxb1 69. Kf6 Rc6+ 70. Kg5 Kc2 71. f5 gxf5 72. Kxh5 Kd3
73. Kg5 Ke4 74. h5 f4 75. h6 Rxh6 0-1

[Event "Titled Tue 1st Jul Early"]
[Site "chess.com INT"]
[Date "2025.07.01"]
[Round "8"]
[White "Aarit Kapil"]
[Black "Lesovoi, Evgenij"]
[Result "0-1"]
[WhiteTitle "CM"]
[BlackTitle "FM"]
[WhiteElo "2020"]
[BlackElo "2234"]
[WhiteFideId "33408947"]
[BlackFideId "24164135"]
[EventDate "2025.07.01"]

1. e4 e5 2. Nf3 Nc6 3. Bb5 a6 4. Ba4 Nf6 5. O-O b5 6. Bb3 Bc5 7. c3 d6 8. d4 Bb6
9. a4 Rb8 10. axb5 axb5 11. Qd3 O-O 12. Bg5 h6 13. Bh4 Re8 14. Nbd2 Bd7 15. Rfd1
g5 16. Nxg5 hxg5 17. Bxg5 Kg7 18. Qg3 Rh8 19. Bxf6+ Kxf6 20. Qf3+ Kg6 21. Bxf7+
Kg7 22. Bd5 Qf6 23. Qg3+ Qg6 24. Qxg6+ Kxg6 25. Nf3 Kf6 26. Rac1 Ne7 27. Bb3 Bg4
28. Rd3 Ng6 29. g3 Rbe8 30. Bd5 Ne7 31. Bb3 Be6 32. Bxe6 Kxe6 33. Ng5+ Kf6 34.
h4 Ng6 35. Rf3+ Ke7 36. Rf7+ Kd8 37. Rg7 Rhg8 38. Nf7+ Kc8 39. Rxg8 Rxg8 40.
dxe5 Nxh4 41. exd6 Rxg3+ 42. Kh2 Rf3 43. d7+ Kxd7 44. Ne5+ Ke6 45. Nxf3 Nxf3+
46. Kg3 Nd2 47. f3 Nc4 48. b3 Nd2 49. b4 Be3 50. Rd1 Nc4 51. Rd5 c6 52. Rh5 Bd2
53. f4 Bxc3 54. Rh6+ Kd7 55. e5 Bxb4 56. Kf3 Bf8 57. Rh7+ Ke8 58. Ke4 Nd2+ 59.
Kf5 b4 60. Ke6 Ne4 61. Ra7 Nc5+ 62. Kf6 b3 63. Ra8+ Kd7 64. Rxf8 Kc7 65. Rh8 b2
66. Rh1 Nd3 67. Kf7 Nc1 68. e6 b1=Q 69. e7 Qf5+ 70. Kg7 Qg4+ 71. Kh8 Qc8+ 72.
Kg7 Qe8 73. Kf6 Nd3 74. Rd1 Nxf4 75. Rd8 Nd5+ 76. Rxd5 cxd5 77. Ke6 d4 0-1

[Event "Titled Tue 1st Jul Early"]
[Site "chess.com INT"]
[Date "2025.07.01"]
[Round "8"]
[White "Vincenti, Leonardo"]
[Black "Vu Quang Quyen"]
[Result "1-0"]
[WhiteTitle "CM"]
[BlackTitle "CM"]
[WhiteElo "2265"]
[BlackElo "2026"]
[WhiteFideId "28550820"]
[BlackFideId "12402168"]
[EventDate "2025.07.01"]

1. e4 c5 2. Nf3 d6 3. Bb5+ Nd7 4. b3 Nf6 5. Bb2 Nxe4 6. O-O e6 7. Re1 Nf6 8. d4
Be7 9. dxc5 dxc5 10. Ne5 O-O 11. Nxd7 Bxd7 12. Qe2 Bxb5 13. Qxb5 Qb6 14. Qe2
Rfd8 15. Nd2 Qc6 16. Nc4 Qd5 17. Rad1 Qh5 18. Qxh5 Nxh5 19. Na5 Rab8 20. Be5 Nf6
21. Bxb8 Rxb8 22. Nc4 Kf8 23. Ne5 Ke8 24. c4 Rc8 25. Re2 Rc7 26. f3 h5 27. Red2
a6 28. a4 g6 29. Kf2 b6 30. g3 Rb7 31. Ke3 Kf8 32. Nc6 Kg7 33. Nxe7 Rxe7 34. Rd6
Rb7 35. Rc6 Kf8 36. Rdd6 b5 37. axb5 axb5 38. Rxc5 bxc4 39. bxc4 Rb1 40. Ra6 Kg7
41. Ra2 Rb3+ 42. Ke2 Nd7 43. Rc7 Ne5 44. Rd2 Rxf3 45. Rc2 Rf5 46. c5 Ng4 47. Ke1
Ne3 48. Rf2 Nd5 49. Rxf5 Nxc7 50. Rf3 Kf8 51. Rd3 Ke7 52. Ke2 Nd5 53. Rd2 Kd7
54. Kf3 Kc6 55. Rc2 f5 56. h4 e5 57. Kf2 e4 58. Rc1 Nb4 59. Ke3 Nd3 60. Rc3 Nb4
61. Kd4 Nd5 62. Rc1 Nc7 63. Ke5 e3 64. Kd4 e2 65. Re1 Ne6+ 66. Ke5 Nxc5 67. Rxe2
Nd3+ 68. Kf6 f4 69. Rd2 1-0

[Event "Titled Tue 1st Jul Early"]
[Site "chess.com INT"]
[Date "2025.07.01"]
[Round "8"]
[White "Parfenov, Viktor N."]
[Black "Ismagilov, Damir"]
[Result "0-1"]
[WhiteTitle "CM"]
[BlackTitle "CM"]
[WhiteElo "2193"]
[BlackElo "2173"]
[WhiteFideId "4165969"]
[BlackFideId "34199982"]
[EventDate "2025.07.01"]

1. e4 c5 2. Nf3 e6 3. d4 cxd4 4. Nxd4 Nc6 5. Bf4 d6 6. Nxc6 bxc6 7. c4 Nf6 8.
Nc3 Be7 9. Bd3 e5 10. Be3 O-O 11. f3 Be6 12. O-O d5 13. cxd5 cxd5 14. exd5 Nxd5
15. Nxd5 Qxd5 16. Be4 Qxd1 17. Rfxd1 Rab8 18. b3 a5 19. Bd5 Bf5 20. g4 Bg6 21.
Bc4 Rfd8 22. Kf2 h5 23. h3 a4 24. Rxd8+ Bxd8 25. Rd1 Bh4+ 26. Ke2 axb3 27. Bxb3
Kh7 28. Rd7 f6 29. Bf2 Bg5 30. Be3 Bh4 31. Bf2 Bxf2 32. Kxf2 h4 33. Ke3 Kh6 34.
f4 exf4+ 35. Kxf4 Rb4+ 36. Ke3 Re4+ 37. Kf3 Re1 38. Rd8 Be4+ 39. Kf2 Rh1 40. Ke3
Bb1 41. Rh8+ Kg5 42. Rh5+ Kg6 43. Rxh4 Rh2 44. a4 Rb2 45. Be6 Rb4 46. Bf5+ Kf7
47. Bd7 g5 48. Rh8 Kg7 49. Rc8 Rb3+ 50. Kd4 Rxh3 51. a5 Ra3 52. Rc7 Kf8 53. Ra7
f5 54. Bxf5 Bxf5 55. gxf5 g4 56. Ke5 g3 57. Kf6 Ke8 58. Ra8+ Kd7 59. Kf7 g2 60.
Rg8 Rxa5 61. f6 Ra2 62. Kf8 Rf2 63. f7 Kd8 64. Rg3 Kd7 65. Kg8 Ke7 66. Re3+ Kd7
67. Re1 Rf1 68. f8=Q g1=Q+ 69. Kh7 Rxe1 70. Qf5+ Kc6 71. Qc2+ Kd5 72. Qd3+ Ke5
73. Qc3+ Kf4 74. Qf6+ Ke3 75. Qe5+ Kf2 76. Qd4+ Kf1 77. Qf4+ Qf2 78. Qc4+ Qe2
79. Qf4+ Kg2 80. Qg5+ Kf2 81. Qf4+ Qf3 82. Qh4+ Ke2 83. Qc4+ Qd3+ 84. Qxd3+ Kxd3 0-1

[Event "Titled Tue 1st Jul Early"]
[Site "chess.com INT"]
[Date "2025.07.01"]
[Round "8"]
[White "Petersen, Marcel"]
[Black "Sovetbekova, Nurai"]
[Result "1-0"]
[WhiteTitle "CM"]
[BlackTitle "WFM"]
[WhiteElo "2236"]
[BlackElo "2007"]
[WhiteFideId "12935670"]
[BlackFideId "13801910"]
[EventDate "2025.07.01"]

1. e4 c5 2. Nf3 d6 3. Bb5+ Bd7 4. Bxd7+ Qxd7 5. O-O e5 6. c3 Nf6 7. Qe2 Nc6 8.
Rd1 Qg4 9. d4 Qxe4 10. Qb5 Be7 11. dxe5 dxe5 12. Re1 Qd5 13. Nxe5 O-O 14. Qxb7
Nxe5 15. Qxd5 Nxd5 16. Rxe5 Rad8 17. Na3 Nxc3 18. Be3 Bf6 19. Rxc5 Nxa2 20. g3
Nb4 21. Nc4 Nd3 22. Rc7 Nxb2 23. Nxb2 Bxb2 24. Raxa7 Bd4 25. Bxd4 Rxd4 26. Kg2
g6 27. Rc6 Kg7 28. Rc3 Rfd8 29. Rf3 R4d7 30. Raa3 h5 31. h4 Rd5 32. Rae3 R8d7
33. Re8 Rd8 34. Re7 Rf8 35. Rf4 Rc5 36. Kf3 Rc3+ 37. Ke2 Rc2+ 38. Kd3 Ra2 39.
Ke3 Ra3+ 40. Ke2 Ra2+ 41. Kf3 Ra3+ 42. Kg2 Rb3 43. f3 Rb2+ 44. Kh3 Rb1 45. g4
hxg4+ 46. fxg4 Rb3+ 47. Kg2 Rb2+ 48. Kf1 Rb3 49. g5 Rh3 50. Kg2 Rb3 51. Ra7 Rc3
52. Kf2 Rb3 53. Ke2 Rc3 54. Kd2 Rb3 55. Kc2 Rh3 56. Kd2 Rd8+ 57. Ke2 Rf8 58. Re7
Rb3 59. Kf2 Ra3 60. Rf3 Rxf3+ 61. Kxf3 Ra8 62. Re4 Ra1 63. Kg4 Rg1+ 64. Kf4 Rg2
65. Ke5 Rh2 66. Kd6 Rf2 67. Ke7 Rf5 68. Re2 f6 69. gxf6+ Rxf6 70. Re4 Rf5 71.
Rg4 Kh6 72. Ke6 Kh5 73. Rc4 Rf1 74. Ke7 Rh1 75. Kf6 Rf1+ 76. Kg7 Rh1 77. Rc8
Kxh4 78. Rh8+ Kg5 79. Rxh1 Kf4 80. Rg1 1-0

[Event "Titled Tue 1st Jul Early"]
[Site "chess.com INT"]
[Date "2025.07.01"]
[Round "8"]
[White "Goncharov, Vladimir"]
[Black "Aakash, G"]
[Result "1/2-1/2"]
[BlackTitle "FM"]
[WhiteElo "2077"]
[BlackElo "2126"]
[WhiteFideId "34162256"]
[BlackFideId "25644394"]
[EventDate "2025.07.01"]

1. d4 Nf6 2. c4 c5 3. d5 e6 4. Nc3 exd5 5. cxd5 d6 6. Nf3 g6 7. Bf4 Bg7 8. Qa4+
Bd7 9. Qb3 Qc7 10. e3 O-O 11. h3 a6 12. a4 Re8 13. Nd2 Nh5 14. Bh2 Bc8 15. g4
Nf6 16. Nc4 Bf8 17. Nb6 Ra7 18. Nxc8 Rxc8 19. Be2 Nbd7 20. O-O Raa8 21. a5 Re8
22. Qc2 Bg7 23. Ra4 b5 24. axb6 Nxb6 25. Rxa6 Rxa6 26. Bxa6 Nfxd5 27. Nxd5 Nxd5
28. Rd1 Nb4 29. Qc4 Be5 30. Bxe5 Rxe5 31. Bb5 Kg7 32. Qf4 Nd5 33. Qf3 Ne7 34.
Bc4 f5 35. g5 h6 36. gxh6+ Kxh6 37. h4 Re4 38. Be2 d5 39. Qh3 Qe5 40. Bf3 Rb4
41. Ra1 Qxb2 42. Ra7 Qe5 43. Kg2 Nc6 44. Rd7 Ne7 45. Qg3 Qxg3+ 46. Kxg3 Ng8 47.
Rxd5 c4 48. Rc5 Nf6 49. Rc6 Kg7 50. Bg2 Nh5+ 51. Kh2 Rb2 52. Kg1 Rb1+ 53. Bf1
Rb2 54. Rxc4 Nf6 55. Kg2 Ne4 56. Kg1 Nxf2 57. Rd4 Ne4 58. Bg2 Rb1+ 59. Kh2 Nf6
60. Bf3 Re1 61. Rd3 Rb1 62. Kg3 Kh6 63. Rc3 Re1 64. Rd3 Rg1+ 65. Kf2 Ra1 66. Kg3
Ra2 67. Rc3 Nd7 68. Rd3 Ne5 69. Rc3 Rd2 70. Bb7 g5 71. hxg5+ Kxg5 72. Bf3 Rb2
73. Rc5 Nd3 74. Rd5 Nb4 75. Rc5 Rb3 76. e4 Nd3 77. Rxf5+ Kg6 78. Kg4 Nf2+ 79.
Kf4 Nd3+ 80. Kg4 Nf2+ 81. Kf4 Nd3+ 82. Kg4 1/2-1/2

[Event "Titled Tue 1st Jul Early"]
[Site "chess.com INT"]
[Date "2025.07.01"]
[Round "8"]
[White "Galchenko, Matvey"]
[Black "Wong, Yinn Long"]
[Result "1-0"]
[WhiteTitle "IM"]
[BlackTitle "FM"]
[WhiteElo "2435"]
[BlackElo "2300"]
[WhiteFideId "24175480"]
[BlackFideId "5707684"]
[EventDate "2025.07.01"]

1. f4 g6 2. Nf3 d5 3. g3 Bg7 4. Bg2 Nf6 5. O-O O-O 6. d3 b6 7. Nc3 Bb7 8. e4
dxe4 9. Ng5 Qc8 10. dxe4 Rd8 11. Qe1 h6 12. Nf3 Nc6 13. e5 Nd5 14. Nxd5 Rxd5 15.
Be3 e6 16. c3 Ne7 17. g4 Rd3 18. Rf2 c5 19. Rd1 Rxd1 20. Qxd1 Nd5 21. Bc1 Qc7
22. c4 Nb4 23. Rd2 Nc6 24. Rd7 Rd8 25. Rxc7 Rxd1+ 26. Kf2 Rxc1 27. Rxb7 Rxc4 28.
Nd2 Rc2 29. Ke3 Nb4 30. a3 Nd5+ 31. Bxd5 exd5 32. Rxa7 Rxb2 33. Rd7 g5 34. Rxd5
gxf4+ 35. Kxf4 Ra2 36. Rd3 Kh7 37. h4 b5 38. Rd5 c4 39. Ne4 Rxa3 40. Rxb5 c3 41.
Rc5 c2 42. Rxc2 Ra5 43. Rc5 Rxc5 44. Nxc5 Bf8 45. Ne4 Be7 46. h5 Kg7 47. Kf5 Bd8
48. Nf6 Be7 49. Ne8+ Kf8 50. Nd6 Kg7 51. Ke4 Bd8 52. Nf5+ Kh7 53. Kd5 Ba5 54.
Nd6 Kg7 55. Ne8+ Kf8 56. Nf6 Kg7 57. Nd7 Bc3 58. Kd6 Bb4+ 59. Kc6 Kg8 60. Nf6+
Kg7 61. Nd5 Ba3 62. Ne3 Bb2 63. Kd6 Ba3+ 64. Kd7 Bb2 65. Nf5+ Kh7 66. Kd6 Ba3+
67. Kd5 Bb2 68. Ke4 Bc3 69. Nd4 Kg7 70. Nb5 Bb4 71. Nd6 Bc3 72. Kd5 Bb2 73. Ne4
Kh7 74. Nc5 Kg7 75. Nd3 Bc3 76. Ke4 Kg8 77. Kf5 Kg7 78. Nf4 Bb2 79. Nd5 Bd4 80.
Nc7 Bb6 81. e6 fxe6+ 82. Nxe6+ Kh7 83. Kf6 Ba5 84. Kf7 Bb4 85. Nc7 Bc3 86. Ne8
Kh8 87. Kg6 Bd2 88. Ng7 Kg8 89. Nf5 Be3 90. Nxh6+ Kh8 91. Nf7+ Kg8 92. h6 Bd4
93. h7+ Kf8 94. h8=Q+ Bxh8 95. Nxh8 Kg8 96. Nf7 1-0

[Event "Titled Tue 1st Jul Early"]
[Site "chess.com INT"]
[Date "2025.07.01"]
[Round "8"]
[White "Newansa, M Esandi"]
[Black "Ternault, Mathieu"]
[Result "1-0"]
[WhiteTitle "WFM"]
[BlackTitle "FM"]
[WhiteElo "1905"]
[BlackElo "2276"]
[WhiteFideId "9999060"]
[BlackFideId "20641532"]
[EventDate "2025.07.01"]

1. d4 d5 2. Bf4 Bf5 3. c4 e6 4. Nc3 Nc6 5. e3 Nf6 6. Qb3 Na5 7. Qa4+ c6 8. c5
Be7 9. Nf3 O-O 10. Ne5 Nh5 11. b4 Nxf4 12. exf4 Nc4 13. Bxc4 dxc4 14. Rd1 Qc7
15. O-O f6 16. Nxc4 Qxf4 17. Na5 Qc7 18. b5 cxb5 19. Qxb5 Rab8 20. Na4 Rfd8 21.
Rd2 Be4 22. Rfd1 b6 23. cxb6 axb6 24. Nb3 Bc6 25. Qc4 Qd7 26. Nc3 b5 27. Qe2 Bb4
28. Rd3 Ba8 29. Ne4 Qd5 30. f3 Rbc8 31. Nec5 Kf7 32. Ne4 h6 33. Qb2 Be7 34. Nc1
b4 35. Ne2 Bc6 36. Nf4 Qc4 37. Rc1 Qa6 38. Rdd1 Bd5 39. Nxd5 Rxc1 40. Rxc1 Rxd5
41. Nc5 Qd6 42. Nb3 Qb6 43. Rd1 e5 44. Kh1 Qd8 45. Rd2 Kf8 46. dxe5 Rxd2 47.
Qxd2 Qxd2 48. Nxd2 fxe5 49. Nc4 Bf6 50. Kg1 Kf7 51. Kf2 Ke6 52. Ke3 Be7 53. Ke4
Bd8 54. Nxe5 Bc7 55. f4 g5 56. g3 gxf4 57. gxf4 Bb8 58. Ng6 Kf6 59. Nh4 Ba7 60.
Nf5 h5 61. h3 Bb8 62. Ng3 Kg6 63. Ne2 Ba7 64. Nc1 Bb8 65. Nd3 Bd6 66. Ne5+ Kf6
67. Nc4 Bf8 68. Ne3 Ke6 69. f5+ Kf6 70. Nd5+ Kf7 71. Ke5 Bc5 72. Kf4 Bd6+ 73.
Kg5 h4 74. Kxh4 Be5 75. Kg5 Bc3 76. h4 Kg7 77. h5 Kf7 78. h6 Bd2+ 79. Nf4 Bc3
80. Ng6 Bd2+ 81. Kh5 Bc3 82. h7 b3 83. h8=Q Bxh8 84. Nxh8+ Kg7 85. axb3 Kxh8 86.
b4 Kg7 87. b5 Kf6 88. b6 Kxf5 89. b7 Kf6 90. b8=Q Ke6 91. Qc7 Kf6 92. Qd8+ Ke6
93. Kg6 Ke5 94. Qd7 Ke4 95. Qd6 Ke3 96. Qd5 Kf4 97. Qe6 Kg3 98. Kg5 Kh2 99. Kg4
Kg1 100. Qe2 1-0

[Event "Titled Tue 1st Jul Early"]
[Site "chess.com INT"]
[Date "2025.07.01"]
[Round "9"]
[White "Ternault, Mathieu"]
[Black "Levitan, Judah Nathan"]
[Result "1-0"]
[WhiteTitle "FM"]
[BlackTitle "CM"]
[WhiteElo "2276"]
[BlackElo "2266"]
[WhiteFideId "20641532"]
[BlackFideId "14332639"]
[EventDate "2025.07.01"]

1. e4 c5 2. Nf3 e6 3. b3 Ne7 4. Bb2 d5 5. Bb5+ Bd7 6. Qe2 d4 7. Na3 Bxb5 8.
Qxb5+ Qd7 9. Ne5 Qxb5 10. Nxb5 Na6 11. Nd6+ Kd8 12. Ndxf7+ Kc7 13. Nxh8 Nb4 14.
O-O 1-0

[Event "Titled Tue 1st Jul Early"]
[Site "chess.com INT"]
[Date "2025.07.01"]
[Round "9"]
[White "Burmakin, Evgeniy"]
[Black "Ruiz Aguilar, Pablo Alexander"]
[Result "1-0"]
[WhiteTitle "FM"]
[BlackTitle "FM"]
[WhiteElo "2110"]
[BlackElo "2141"]
[WhiteFideId "4163729"]
[BlackFideId "4401352"]
[EventDate "2025.07.01"]

1. e4 c5 2. Nf3 e6 3. d4 cxd4 4. Nxd4 a6 5. Nc3 Nf6 6. e5 Nd5 7. Nxd5 exd5 8.
Qf3 d6 9. Qxd5 dxe5 10. Qxe5+ Be7 11. Bg5 f6 12. Bxf6 gxf6 13. Qh5+ Kf8 14. Bc4
Qe8 15. Qh6# 1-0

[Event "Titled Tue 1st Jul Early"]
[Site "chess.com INT"]
[Date "2025.07.01"]
[Round "9"]
[White "Buraczewski, Rafal"]
[Black "Fronda, Jan Jodilyn"]
[Result "0-1"]
[WhiteTitle "CM"]
[BlackTitle "WIM"]
[WhiteElo "2135"]
[BlackElo "2115"]
[WhiteFideId "1155245"]
[BlackFideId "5204585"]
[EventDate "2025.07.01"]

1. d4 Nf6 2. c4 c5 3. d5 b5 4. Qc2 Qa5+ 5. Bd2 b4 6. e4 d6 7. f4 Nbd7 8. Nf3 g6
9. Bd3 Bg7 10. O-O O-O 11. a3 Ne8 12. e5 dxe5 13. axb4 Qxa1 14. Na3 Qa2 0-1

[Event "Titled Tue 1st Jul Early"]
[Site "chess.com INT"]
[Date "2025.07.01"]
[Round "9"]
[White "Gabrielian, Artur"]
[Black "Chiang, Jacob"]
[Result "1-0"]
[WhiteTitle "GM"]
[WhiteElo "2407"]
[BlackElo "2032"]
[WhiteFideId "4131002"]
[BlackFideId "30962331"]
[EventDate "2025.07.01"]

1. Nf3 c5 2. e4 d6 3. d4 cxd4 4. Nxd4 Nf6 5. Nc3 Nc6 6. Nd5 Nxd5 7. exd5 Qa5+ 8.
Bd2 Qxd5 9. Nb5 Qe6+ 10. Be2 Qd7 11. c4 a6 12. Nc3 g6 13. Nd5 Qd8 14. Be3 Be6
15. Bb6 Qc8 16. Nc7+ Kd7 17. Nxa8 Qxa8 18. c5 Bg7 19. cxd6 exd6 20. O-O Rc8 21.
Bf3 Ke7 22. Bd5 Ne5 23. Bxe6 fxe6 24. Rc1 Rc6 25. Rxc6 bxc6 26. Bd4 Qb7 27. f4
Nf3+ 28. Rxf3 1-0

[Event "Titled Tue 1st Jul Early"]
[Site "chess.com INT"]
[Date "2025.07.01"]
[Round "9"]
[White "Redor, Menandro"]
[Black "Murthy, Pappu"]
[Result "1-0"]
[WhiteElo "2021"]
[BlackElo "1836"]
[WhiteFideId "5222010"]
[BlackFideId "2013401"]
[EventDate "2025.07.01"]

1. e4 e5 2. f4 d5 3. exd5 exf4 4. Nf3 Nf6 5. d4 Nxd5 6. Bc4 c6 7. O-O Bd6 8. Nc3
Be6 9. Nxd5 Bxd5 10. Re1+ Kf8 11. Bxd5 cxd5 12. Ne5 Nc6 13. Bxf4 Rc8 14. c3 Qf6
15. Nd7+ 1-0

[Event "Titled Tue 1st Jul Early"]
[Site "chess.com INT"]
[Date "2025.07.01"]
[Round "9"]
[White "Palomo, Franklin Annervys"]
[Black "King, Alexander"]
[Result "0-1"]
[WhiteTitle "FM"]
[BlackTitle "FM"]
[WhiteElo "2243"]
[BlackElo "2263"]
[WhiteFideId "3906965"]
[BlackFideId "2063620"]
[EventDate "2025.07.01"]

1. Nf3 d5 2. c4 e6 3. e3 c5 4. b3 Nc6 5. Bb2 d4 6. exd4 cxd4 7. a3 a5 8. d3 e5
9. Be2 Nf6 10. O-O Bc5 11. Bc1 h6 12. Nbd2 Bf5 13. Re1 O-O 14. Nf1 Re8 15. Ng3
Bh7 16. Nd2 Bf8 17. Bf1 Nd7 18. Rb1 Qb6 19. Qg4 Nc5 20. b4 axb4 21. axb4 Nxb4
22. Nde4 Nxe4 23. Nxe4 f5 0-1

[Event "Titled Tue 1st Jul Early"]
[Site "chess.com INT"]
[Date "2025.07.01"]
[Round "9"]
[White "Souleidis, Georgios"]
[Black "Alikulov, Elbek"]
[Result "1/2-1/2"]
[WhiteTitle "IM"]
[BlackTitle "IM"]
[WhiteElo "2418"]
[BlackElo "2305"]
[WhiteFideId "4206827"]
[BlackFideId "14203308"]
[EventDate "2025.07.01"]

1. e4 e6 2. d4 d5 3. Nc3 Bb4 4. Ne2 dxe4 5. a3 Be7 6. Nxe4 Nf6 7. N2g3 Bd7 8. c3
Bc6 9. Bd3 Nbd7 10. O-O Nxe4 11. Nxe4 Nf6 12. Nxf6+ Bxf6 13. Qh5 Qd5 14. Qxd5
Bxd5 15. Be3 O-O 16. Rfd1 Bb3 17. Re1 Rad8 18. Be4 Bd5 19. Bc2 Rfe8 20. Bf4 Rd7
21. f3 Be7 22. Rad1 c5 23. dxc5 Bxc5+ 24. Be3 Bxe3+ 25. Rxe3 Red8 26. Red3 Bc6
27. Rxd7 Rxd7 28. Rxd7 Bxd7 29. Kf2 Kf8 30. Ke3 Ke7 31. h4 h6 32. Be4 b6 33. c4
Kd6 34. b4 e5 1/2-1/2

[Event "Titled Tue 1st Jul Early"]
[Site "chess.com INT"]
[Date "2025.07.01"]
[Round "9"]
[White "Zaw, Ye Htut"]
[Black "Yatskar, Martin"]
[Result "1-0"]
[WhiteTitle "CM"]
[BlackTitle "CM"]
[WhiteElo "2074"]
[BlackElo "2225"]
[WhiteFideId "13013955"]
[BlackFideId "34109676"]
[EventDate "2025.07.01"]

1. e4 e5 2. Nf3 Nc6 3. Bb5 a6 4. Ba4 Nf6 5. d3 d6 6. h3 g6 7. O-O Bg7 8. c3 O-O
9. Re1 h6 10. d4 b5 11. Bb3 Bb7 12. Nbd2 Na5 13. Bc2 exd4 14. cxd4 c5 15. d5 Re8
16. Nf1 Nc4 17. Ng3 Nd7 18. Rb1 Qc7 19. b3 Nce5 20. Bb2 Nxf3+ 21. Qxf3 Bxb2 22.
Rxb2 Bxd5 23. Qf4 Kg7 24. Rd1 Bb7 25. Rxd6 Rac8 26. Nh5+ gxh5 27. Qxh6+ Kg8 28.
e5 Nf8 29. Qg5+ Ng6 30. Bxg6 fxg6 31. Rxg6+ Kf8 32. Rg8+ Kf7 33. Qg6+ Ke7 34.
Qf6+ Kd7 35. Rg7+ Re7 36. Rxe7+ Kd8 37. Qf8# 1-0